000 00860nas a2200277 4500
001 BR0200176
003 BR-BrBNA
005 20231205102635.0
007 ta
008 230509b bl.|||p| |||| 00| 00por d
040 _aBR-BrBNA
_bpor
_cBiblioteca Nacional de Agricultura
041 _a(Pt)
072 _aL10
100 1 _aFerraz, L.E. dos S.
100 1 _aVicente, W.R.R.
100 1 _aRamos, P.R.R.
245 1 _aEstudo das proteínas Beta e seu uso no diagnóstico sorológico da gestação em éguas puro sangue inglês
650 _aÉGUA
650 _aPRENHEZ
650 _aDIAGNÓSTICO
650 _aPROTEÍNA
650 _aULTRA-SOM
773 0 _tRevista Brasileira de Medicina Veterinária (Brazil)
_xISSN 0100-2430
_g(May-Jun 2001), v. 23(3) p. 117-121
_wBR0200176
909 _a202311
_bLúcia
_c55
_dLúcia Elande
942 _2AGRIS
_n0
_cANA
999 _c168597
_d168597